书目信息 |
| 题名: |
经济奇点
|
|
| 作者: | 希尔 著 ;苏京春 译 | |
| 分册: | ||
| 出版信息: | 北京 中信出版集团股份有限公司 2017 |
|
| 页数: | 545页 | |
| 开本: | 23cm | |
| 丛书名: | ||
| 单 册: | ||
| 中图分类: | F014.9 | |
| 科图分类: | ||
| 主题词: | 经济模式--研究 | |
| 电子资源: | ||
| ISBN: | 978-7-5086-7385-1 | |
| 000 | 01033nam0 2200253 450 | |
| 001 | 012001004684 | |
| 005 | 20140928162350.0 | |
| 010 | @a978-7-5086-7385-1@dCNY68.00 | |
| 100 | @a20171116d2017 em y0chiy50 ea | |
| 101 | 1 | @achi@ceng |
| 102 | @aCN@b110000 | |
| 105 | @ay z 000yy | |
| 106 | @ar | |
| 200 | 1 | @a经济奇点@9jing ji qi dian@dRaw deal@e共享经济、创造性破坏与未来社会@f(美)史蒂文·希尔(Steven Hill)著@g苏京春译@zeng |
| 210 | @a北京@c中信出版集团股份有限公司@d2017 | |
| 215 | @a545页@d23cm | |
| 330 | @a本书共十二章,内容包括:在“1099经济”中回到未来、“优步”的定时炸弹、与“任务兔子”和“一揽子找工作”一起恶性竞争、机器人和技术人正奔向你的工作、“经济奇点”的阴霾、劳动者的两难窘境等。 | |
| 510 | 1 | @aRaw deal@ehow the "Uber Economy" and runaway capitalism are screwing american workers@zeng |
| 606 | 0 | @a经济模式@x研究 |
| 690 | @aF014.9@v5 | |
| 701 | 0 | @c(美)@a希尔@9xi er@c(Hill, Steven)@4著 |
| 702 | 0 | @a苏京春@9su jing chun@4译 |
| 801 | 0 | @aCN@b上海新华@c20180901 |
| 905 | @b1166755-9@dF014.9@e555@f5 | |
| 经济奇点=Raw deal:共享经济、创造性破坏与未来社会/(美)史蒂文·希尔(Steven Hill)著/苏京春译.-北京:中信出版集团股份有限公司,2017 |
| 545页;23cm |
| ISBN 978-7-5086-7385-1:CNY68.00 |
| 本书共十二章,内容包括:在“1099经济”中回到未来、“优步”的定时炸弹、与“任务兔子”和“一揽子找工作”一起恶性竞争、机器人和技术人正奔向你的工作、“经济奇点”的阴霾、劳动者的两难窘境等。 |
| ● |
| 相关链接 |
|
|
|
|
正题名:经济奇点
索取号:F014.9/555
 
预约/预借
| 序号 | 登录号 | 条形码 | 馆藏地/架位号 | 状态 | 备注 |
| 1 | 1166755 | 211667551 | 第一样本阅览室/ [索取号:F014.9/555] | 在馆 | |
| 2 | 1166756 | 211667560 | 第一借阅区/ [索取号:F014.9/555] | 在馆 | |
| 3 | 1166757 | 211667579 | 经管系资料室/ [索取号:F014.9/555] | 在馆 | |
| 4 | 1166758 | 211667588 | 第一借阅区/ [索取号:F014.9/555] | 在馆 | |
| 5 | 1166759 | 211667597 | 第一借阅区/ [索取号:F014.9/555] | 在馆 |